000
00370nam a2200145Ia 4500
008
230718s9999 xx 000 0 und d
041
_a
Eng.
082
_a
492.7
_b
ران-ا
100
_a
رانا' آحمد خلیل
245
0
_a
اللسان انقربی
260
_a
Pakistan
_b
علامہ اقبال اوپن
_c
2014
300
_a
413
650
_a
Law
999
_c
31051
_d
31051